| 000 | 00970nam a2200253 a 4500 | ||
|---|---|---|---|
| 001 | 79905 | ||
| 003 | BD-RjUL | ||
| 005 | 20230205125417.0 | ||
| 008 | 220602s2002 bg a|||| m||| 00| 0 eng d | ||
| 035 | _a(BD-RjUL)79905 | ||
| 040 |
_aBD-RjUL _beng _cBD-RjUL _dBD-RjUL |
||
| 041 | _aeng | ||
| 082 |
_223 _a639.31 _bHUD 2002 |
||
| 100 |
_aHussain, Muhammad Afzal _93398 |
||
| 245 | 1 | 0 |
_aDEVELOPMENT OF SUITABLE METHODS FOR FISH CULTURE IN THE SWAMPS ; _cMuhammad Afzal Hussain _6Supervisor - 1 : Selina Parween, Supervisor - 2 : M. Altaf Hossain |
| 260 |
_aRajshahi: _bDepartment Of Zoology, University of Rajshahi _c2002 |
||
| 300 |
_axi, 153 leaves : _bill. ; _c29 cm. |
||
| 502 | _aThesis (Ph. D.) -- Department Of Zoology, University of Rajshahi,2002 | ||
| 504 | _aReferences: Leaves 126-136 | ||
| 650 |
_aFish Culture _xFresh Water _93399 |
||
| 700 |
_aParween, Selina, Supervisor - 1 _93400 |
||
| 700 |
_aHossain, M. Altaf, Supervisor - 2 _93401 |
||
| 942 |
_2ddc _cTHE |
||
| 999 |
_c79905 _d79905 |
||